अनुमानाही पडे साकडे (Record no. 462405)

MARC details
000 -LEADER
fixed length control field 00517nam a2200145Ia 4500
008 - FIXED-LENGTH DATA ELEMENTS--GENERAL INFORMATION
fixed length control field 100204s9999 xx 000 0 und d
082 ## - DEWEY DECIMAL CLASSIFICATION NUMBER
Item number 17982
100 ## - MAIN ENTRY--PERSONAL NAME
Personal name इनामदार ना.स.
245 ## - TITLE STATEMENT
Title अनुमानाही पडे साकडे
260 ## - PUBLICATION, DISTRIBUTION, ETC. (IMPRINT)
Name of publisher, distributor, etc "सन पब्लिकेशन्स , पुणे"
Date of publication, distribution, etc 1994
300 ## - PHYSICAL DESCRIPTION
Extent 229
630 ## - SUBJECT ADDED ENTRY--UNIFORM TITLE
Uniform title अनुमानाही पडे साकडे
730 ## - ADDED ENTRY--UNIFORM TITLE
Uniform title अनुमानाही पडे साकडे
942 ## - ADDED ENTRY ELEMENTS (KOHA)
Koha item type Book
Holdings
Withdrawn status Lost status Damaged status Not for loan Home library Current library Date acquired Cost, normal purchase price Total Checkouts Full call number Barcode Date last seen Cost, replacement price Price effective from Koha item type
        N. C. Kelkar Sarvajanik Library, Mulund N. C. Kelkar Sarvajanik Library, Mulund 02/04/2010 90.00   17982 NCKMULUND-17982 02/04/2010 90.00 02/04/2010 Book